书目信息 |
| 题名: |
语义学
|
|
| 作者: | 徐烈炯 著 | |
| 分册: | ||
| 出版信息: | 北京 语文出版社 1990.10 |
|
| 页数: | 292页 | |
| 开本: | 21cm | |
| 丛书名: | ||
| 单 册: | ||
| 中图分类: | H030 | |
| 科图分类: | ||
| 主题词: | 语义学 , 词汇学 | |
| 电子资源: | ||
| ISBN: | 7-80006-237-6 | |
| 000 | 00523nam0 2200205 45 | |
| 001 | 0404240978 | |
| 005 | 20040424095919.0 | |
| 010 | @a7-80006-237-6@dCNY4.20 | |
| 100 | @a20040424d1990 km y0chiy0120 ea | |
| 101 | 0 | @achi |
| 105 | @a z 000yy | |
| 200 | 1 | @a语义学@AYu Yi Xue@f徐烈炯著@FXu Lie Jiong Zhu |
| 210 | @a北京@c语文出版社@d1990.10 | |
| 215 | @a292页@d21cm | |
| 606 | 0 | @a语义学 |
| 606 | 0 | @a词汇学 |
| 690 | @aH030@v3 | |
| 701 | 0 | @a徐烈炯@4著 |
| 801 | @aCN@bPftUser@c20040424 | |
| 905 | @f1@b232787@dH030@e22 | |
| 语义学/徐烈炯著.-北京:语文出版社,1990.10 |
| 292页;21cm |
| ISBN 7-80006-237-6:CNY4.20 |
| ● |
| 相关链接 |
|
|
|
|
正题名:语义学
索取号:H030/22
 
预约/预借
| 序号 | 登录号 | 条形码 | 馆藏地/架位号 | 状态 | 备注 |
| 1 | 0232787 | 000820794 | 第四借阅区/ [索取号:H030/22] | 在馆 | |
| 2 | 0232788 | 000820801 | 第二样本阅览室/ [索取号:H030/22] | 在馆 |